Normal view
MARC view
- Biotechnology MS-Thesis.
Entry Topical Term
001 - CONTROL NUMBER
- control field: 28255
003 - CONTROL NUMBER IDENTIFIER
- control field: NUST
005 - DATE AND TIME OF LATEST TRANSACTION
- control field: 20200203112005.0
008 - FIXED-LENGTH DATA ELEMENTS
- fixed length control field: 200203|| aca||aabn | a|a d
040 ## - CATALOGING SOURCE
- Original cataloging agency: NUST
- Transcribing agency: NUST
150 ## - HEADING--TOPICAL TERM
- Topical term or geographic name entry element: Biotechnology MS-Thesis.
670 ## - SOURCE DATA FOUND
- Source citation: Work cat.: (NUST): Mushtaq, Attoba 28254, Screening of Various Environmental Fungal Isolates for Mycoviral Infection /, 2014.
